Dončo Cončev: Žltý dom

Bibliographic Details
Main Author: Farkašová, Etela, 1943- (Author)
Format: Article
Language:Slovak
Subjects:

MARC

LEADER 00000nab a2200000 a 4500
001 vtls000273808
003 SK-MaSNL
005 20260305011109.0
008 150501c1987 xo 0 slo
015 |a SNBRB19rr/mm-uuuuu 
035 |a CL0283922 
040 |a SNKBUCL  |b slo  |c SNKBUCL  |e AACR2 
041 0 |a slo 
044 |a xo  |c SK 
080 |a 82.09:886.7-3(048)  |2 1981 
080 |a 886.7-3(048)  |2 1981 
100 1 |a Farkašová, Etela,  |d 1943-  |4 aut  |9 100186 
245 1 0 |a Dončo Cončev: Žltý dom  |c Etela Farkašová ; Dončo Cončev 
500 |a V rubrike Ex libris. 
650 0 7 |a romány psychologické  |2 snkbucl  |9 653970 
655 7 |a články z novín a časopisov  |2 snkbucl  |9 267496 
655 7 |a články z odboru literárna veda a krásna literatúra  |2 snkbucl  |9 770045 
773 0 |t Romboid  |g Roč. 22, č. 3 (1987), s. 89-90 
787 0 8 |i Rec.:  |a Cončev, Dončo  |t Žltý dom  |d Bratislava : Tatran, 1985 
850 |a Slovenská národná knižnica v Martine  |a MTA001 
852 |a SNK  |b KIS3GCP 
958 |a RK 
958 |a LX 
958 |a BG 
992 |a RBX 
999 |c 3250776  |d 3252706